| 000 | 02136 a2200217 4500 | ||
|---|---|---|---|
| 001 | 24565 | ||
| 005 | 20260407155529.0 | ||
| 008 | 260407a2010 arg spa d | ||
| 003 | AR-UNSa-BCEJYS | ||
| 040 |
_aAR-UNSa-BCEJYS _bspa _cAR-UNSa-BCEJYS |
||
| 080 |
_a339.5 _xComercio exterior. Comercio Internacional |
||
| 245 | 1 | 0 |
_aComercio Internacional: del GATT a la OMC _pdisciplinas y solución de controversias |
| 020 | _a978-950-23-1708-3 | ||
| 264 | 1 |
_aBuenos Aires : _bUniversidad de Buenos Aires. Facultad de Derecho. Departamento de Publicaciones _c2010 |
|
| 300 |
_a849 p. _c23 cm. |
||
| 505 | _a1. La inserción de América Latina en la liberalización del comerco : La OMC y los acuerdos comerciales regionales - 2. Nacimieto y evolucióndel sistema GATT/OMC - 3. El acurdo sobre Agricultura - 4. Normas GATT sobre aranceles industriales e implicaciones para la Justicia Social en América Latina - 5. La defensa del mercado interno : antidumping y salvagurdias - 6. Acordo sobres subsídios e medidas compensatorias - 7. Instrumentación del acuerdo sobre los ADPIC en un contexto de asimetría científico-tecnologíca - 8. Inversiones relacionadas con el comercio en el sistema de la OMC - 9. Las negociaciones de acceso a los mercados en servicios y de reglamentación nacional en la ronda de Doha y las perspectivas de Latinoamérica - 10. El procedimiento de solución de controversias : un balance de su creación.La participación de los países de América Latina - 11. Caso del algodón, el resultado en función de las cuestiones preliminares tratadas - 12. Globalización y acceso de los medicamentos.Implicaciones de los acuerdos ADPIC de la OMC - 13. Las indicaciones geográficas y otras cuestiones vinculadas a la negación agrícola : el medio ambiente y la patentabilidad de la materia viva - 14. As negociaçóes de Alca de 1994 a 2005. | ||
| 942 | _cBK | ||
| 590 | _aniveau_biblio:m niveau_hierar:0 | ||
| 100 | 1 | _aCorrea, Carlos María | |
| 856 | 4 | 1 |
_uhttps://biblioeco.unsa.edu.ar/pmb/images/libros/Comercio Internacional del GATT a la OMC Correa, Carlos Mar?a (2010).jpg _yImagen de portada _qimage/jpeg |
| 999 |
_c1201 _d1201 |
||